00770nam a2200205 a 450000100100000000500170001000800410002702000150006804000250008308200130010810000460012124501050016726000300027230000280030249000280033070000430035883000350040195201110043699900170054700004252220201002040217.0131210s1978 sp a 000 0 spa d a8485303083 aDO-SdBNPbspacBNPHU axxxbxxx1 aBorrás Gualis, Gonzalo M.d1940-96973810aArte mudéjar aragonés /cGonzalo M. Borrás Gualis ; dibujos de Vicente González Hernández. aZaragoza :bGuara,c1978. a237 p. :bil. ;c21 cm.1 aBásica aragonesav4-512aGonzález Hernández, Vicente969739 0aBásica aragonesan4-5969740 001050718MOaGRbGRcCTd2013-12-10iLF1l0oxxx xxxp42522-10r2020-06-25w2020-06-25y1ZNo se presta c42011d42011